| 000 | 00995nam a22002177a 4500 | ||
|---|---|---|---|
| 999 |
_c60415 _d60415 |
||
| 003 | Ge_BSU | ||
| 005 | 20230713145641.0 | ||
| 008 | 230713s2005ge xxu||||| |||| 00| 0 geo d | ||
| 020 | _a9994029568 | ||
| 041 | _ageo | ||
| 080 | _a929.6(479.22)+271.22(498) გ-16 | ||
| 100 |
_aგაიპარაშვილი, ზურაბ, ავტ _919304 |
||
| 245 |
_aანთიმოზ ივერიელის გერბი / _cზურაბ გაიპარაშვილი, [რედ. ქეთევან პავლიაშვილი]. |
||
| 264 |
_aთბილისი : _b საარი, _c2005. |
||
| 300 |
_a56გვ. : _bსურ. ; _c20 სმ. |
||
| 504 | _aბიბლიოგრ.: გვ. 51-52. | ||
| 653 | _aქართული ჰერალდიკა. | ||
| 653 | _aანთიმოზ ივერიელი. | ||
| 700 |
_aპავლიაშვილი, ქეთევან _eრედაქტორი _919272 |
||
| 942 |
_2udc _cBK |
||